Ford foundation: Annual report 2003
Shranjeno v:
| Format: | Knjiga |
|---|---|
| Jezik: | Undetermined |
| Izdano: |
New York
2003
|
| Teme: | |
| Oznake: |
Označite
Brez oznak, prvi označite!
|
| Thư viện lưu trữ: | Trung tâm Học liệu Trường Đại học Cần Thơ |
|---|
| LEADER | 00403nam a2200157Ia 4500 | ||
|---|---|---|---|
| 001 | CTU_69270 | ||
| 008 | 210402s9999 xx 000 0 und d | ||
| 082 | |a 338.7 | ||
| 082 | |b F699 | ||
| 245 | 0 | |a Ford foundation: | |
| 245 | 0 | |b Annual report 2003 | |
| 260 | |a New York | ||
| 260 | |c 2003 | ||
| 650 | |a Business enterprises | ||
| 904 | |i Mai Loan | ||
| 980 | |a Trung tâm Học liệu Trường Đại học Cần Thơ | ||